Introductory Nuclear Theory / (Record no. 72922)
[ view plain ]
| 000 -LEADER | |
|---|---|
| fixed length control field | 00733nam a2200241 a 4500 |
| 001 - CONTROL NUMBER | |
| control field | 72922 |
| 003 - CONTROL NUMBER IDENTIFIER | |
| rucl marc code | BD-RjUL |
| 005 - DATE AND TIME OF LATEST TRANSACTION | |
| control field | 20211209082326.0 |
| 008 - FIXED-LENGTH DATA ELEMENTS--GENERAL INFORMATION | |
| fixed length control field | 191206s1962 uk 001 0 eng d |
| 035 ## - SYSTEM CONTROL NUMBER | |
| System control number | (BD-RjUL)73140 |
| -- | CURL 040000072028(Lee) from sgc42 |
| 040 ## - CATALOGING SOURCE | |
| Original cataloging agency | BD-RjUL |
| Language of cataloging | eng |
| Transcribing agency | BD-RjUL |
| Modifying agency | BD-RjUL |
| 041 ## - LANGUAGE CODE | |
| Language code of text/sound track or separate title | eng |
| 082 00 - DEWEY DECIMAL CLASSIFICATION NUMBER | |
| Classification number | 539.7 |
| Edition number | 18 |
| Author mark and year | ELI 1962 |
| 100 1# - MAIN ENTRY--PERSONAL NAME | |
| Personal name | Elton, L. R. B. |
| Fuller form of name | (Lewis Richard Benjamin) |
| 9 (RLIN) | 28573 |
| 245 10 - TITLE STATEMENT | |
| Title | Introductory Nuclear Theory / |
| Statement of responsibility, etc. | L.R.B. Elton |
| 260 ## - PUBLICATION, DISTRIBUTION, ETC. (IMPRINT) | |
| Place of publication, distribution, etc. | London : |
| Name of publisher, distributor, etc. | Pitman, |
| Date of publication, distribution, etc. | c1959.[1962] |
| 300 ## - PHYSICAL DESCRIPTION | |
| Pagination | ix, 286 p. : |
| Illustrations | ill ; |
| Size | 23 cm |
| 500 ## - GENERAL NOTE | |
| General note | Previous ed. (B59-10038) 1959. |
| 504 ## - BIBLIOGRAPHY, ETC. NOTE | |
| Bibliography, etc | Includes index. |
| 650 #0 - SUBJECT ADDED ENTRY--TOPICAL TERM | |
| Topical term or geographic name as entry element | Atoms. |
| 9 (RLIN) | 25783 |
| Topical term or geographic name as entry element | Nuclear physics. |
| 9 (RLIN) | 30235 |
| 942 ## - ADDED ENTRY ELEMENTS (KOHA) | |
| Source of classification or shelving scheme | Dewey Decimal Classification |
| Koha item type | Books |
| Lost status | Source of classification or shelving scheme | Damaged status | Not for loan | Collection code | Permanent Location | Current Location | Shelving location | Date acquired | Source of acquisition | Cost, normal purchase price | Total Checkouts | Full call number | Date last seen | Copy number | Koha item type |
|---|---|---|---|---|---|---|---|---|---|---|---|---|---|---|---|
| Dewey Decimal Classification | Not For Loan | Non-fiction | Central Library, University of Rajshahi | Central Library, University of Rajshahi | Reading Room | 18/12/1963 | 1963-12-18 | 40.00 | 539.7 ELI 1962 | 25/05/2017 | C-1 | Books |